Quizzes
Events
Quiz Creation
Community
Videos
Private Events
Remove Ads
Sign In
Join for FREE
Feedback
Dark Mode
Quiz Categories
Sports
Geography
Music
Movies
Television
Just For Fun
Miscellaneous
History
Literature
Language
Science
Gaming
Entertainment
Religion
Holiday
For Kids
Quiz Lab
Recent
Popular Today
Quiz Kudos Today
Editor Picks
Curator Picks
Quizzes by...
Day
Popularity
Type
Ratings
Length
Year
Community
Subscriptions
Recent Discussions
Orange Saloon
Badges
Playlists
Quests
Create
Leaderboards
Showdown
Live 5
Trivia Bingo
Activity
Puzzle Library
Sporcle Events
Private Events
Virtual Trivia
Globe League
Become a Host
Pub Owners
SporcleCon
Opinionation
Our Games
Videos
Blog
Mobile Apps
Partnerships
Remove Ads and Go Orange
Feedback
Sports
Athletes
MLB
NBA
NHL
NFL
Soccer
Sports Teams
WWE
NCAA
Football
Premier League
Basketball
Baseball
Hockey
Golf
Tennis
Cricket
Rugby
Auto Racing
Olympics
World Cup
Sports
Athletes
MLB
NBA
NHL
NFL
Soccer
Sports Teams
WWE
NCAA
Football
Premier League
Basketball
Baseball
Hockey
Golf
Tennis
Cricket
Rugby
Auto Racing
Olympics
World Cup
Random Quiz
Search Sporcle
×
Quiz Lab
Quiz Lab
Sports
League
Type in answers that appear in a list
Type in answers that appear in a list
Classic
Best Score? Go Orange.
PFA Premier League Player of the Year Winners Stats
Can you name the PFA Premier League Player of the Year Winners?
By
bigrichinnes
7m
25 Questions
2,685 Plays
2,685 Plays
2,685 Plays
Comments
Comments
Give Quiz Kudos
Give Quiz Kudos
-
- Ratings
hide this ad
Replay
Link that replays current quiz
Next Quiz
Link to next quiz in quiz playlist
You Got
0%
They Got
Avg Score
80%
Avg Friend Score
Upgrade to see
Score Distribution
Jump to the score distribution portion of the page
Score
0/25
Timer
07:00
0
Plays Today
Season
Player
% Correct
2016/
17
N'Golo Kante
97.3%
2014/
15
Eden Hazard
94.9%
2002/
03
Thierry Henry
94.8%
2003/
04
Thierry Henry
94.8%
2015/
16
Riyad Mahrez
94.2%
1994/
95
Alan Shearer
92.6%
1996/
97
Alan Shearer
92.6%
2013/
14
Luis Suarez
92.4%
2006/
07
Cristiano Ronaldo
92.3%
2007/
08
Cristiano Ronaldo
92.3%
2005/
06
Steven Gerrard
92%
2009/
10
Wayne Rooney
91.8%
2008/
09
Ryan Giggs
88.8%
Season
Player
% Correct
2010/
11
Gareth Bale
87.1%
2012/
13
Gareth Bale
87.1%
2011/
12
Robin van Persie
82.5%
2004/
05
John Terry
78.5%
1993/
94
Eric Cantona
71.4%
1999/
00
Roy Keane
69%
1997/
98
Dennis Bergkamp
68.8%
2001/
02
Ruud van Nistelrooy
62.6%
1995/
96
Les Ferdinand
60%
2000/
01
Teddy Sheringham
59%
1998/
99
David Ginola
46.2%
1992/
93
Paul McGrath
22.4%
Quiz Playlist
Details
Report
Send in Message
Add To Playlist
Classic:
Type in answers that appear in a list
Last Updated: Apr 25, 2017
Quiz Scoreboard
CHALLENGE
Sign Up to Join the Scoreboard
Show All
Scores
Hide
Comments
May contain spoilers
Recently Published
Billboard Blitz: Fleetwood Mac
by CooCooCachoo
Music
15s
Presidents Visiting Landmarks
by Hejman
History
7m
An Introduction to Baseball
by treessimontrees
Sports
5m
More to Explore
Quiz From the Vault
Featured Blog Post
Where Did the Easter Bunny Come From?
hide this ad
You Might Also Like...
Tags
League
pfa
Player
Premier
season
team
Winner
Today's Top Quizzes in Sports
Browse Sports
hide this ad
Today's Top Quizzes in League
Browse League
Top Contributed Quizzes in Sports
1
Les meilleurs buteurs des matchs entre le PSG et l’OM
2
2022 World Cup Stars
3
FIFA Club World Cup Champions
4
Les entraîneurs de l'OM et du PSG au 21e siècle
5
Name the Premier League winners with different clubs
6
5-to-1: UK Sports Teams
7
La finale Lions - Afrique du Sud 2021
8
Criteria MLB: Left Handed Sluggers
9
AFC Teams Reveal (Wrong Answers Minefield)
10
England Test cricketers to play under Nasser Hussain
Explore More
Trending Topics
NBA
Kpop
Anime
Crossword
Marvel
Disney
Harry Potter
Country
Puzzle
Soccer
Pokémon
The Office
Song
WWE
NFL
hide this ad
More By:
bigrichinnes
Quiz
Plays
Rating
Category
Featured
Created
Teenagers with 10 Premier League goals
13,949
4.69
Sports
Sep 19, 2016
England goalscorers at major tournaments
12,405
4.25
Sports
Jun 20, 2016
Record Premier League goalscorers… by club
9,230
4.50
Sports
Mar 6, 2017
Premier League stadiums
8,327
4.29
Sports
Aug 22, 2016
Wayne Rooney's Man United strike partners (PL only)
8,094
4.33
Sports
Jan 21, 2017
Go to Creator's Profile
Score Distribution
Quiz Creator Spotlight
bigrichinnes
Follow
Send a Message
Quizzes Created
-
Created Quiz Play Count
-
More By This Creator
Popular Quizzes Today
1
Find the US States - No Outlines Minefield
2
Find the Countries of Europe - No Outlines Minefield
3
The Countries of the World
4
Find the US States
5
US States
6
Popular People in 1961
7
Risky Map Clicking: Biggest States A-Z
8
Movies - When Are They Set?
More Sports Quizzes
Quick Pick: Matt Stairs Teams by logo
Quiz Lab
Trending Quizzes
Risky Map Clicking: Least Populous States A-Z
1-10 Letter G Words
1-10 Letter F Words
Risky Map Clicking: Next State Alphabetically
'A' Boys' Names Grid
Recently Updated
Leaping Animals
pecheneg
Reality TV Shows (A-Z)
bhenderson79
Rickey Henderson's Hall of Fame Teammates
pecheneg
Champions League XIs: Arsenal
pecheneg
Quick Pick: Celebrities in WWE's Hall of Fame
aduchscher
A-Z Keypad Blitz II
pecheneg
Multiple Oscar Actors
pecheneg
Mystery Phrase Blitz: Oscar 'Best Actors'
pecheneg
F. Scott Fitzgerald Novels
LTH
Pick 3 Villains
ddd62291
Trending Topics
Harry Potter
Marvel
NBA
Disney
Anime
Crossword
Kpop
Country
WWE
Soccer
The Office
Pokémon
NFL
Song
Puzzle
Your Account Isn't Verified!
In order to create a playlist on Sporcle, you need to verify the email address you used during registration. Go to your
Sporcle Settings
to finish the process.
Report this User
Report this user for behavior that violates our
Community Guidelines
.
Details:
Send Report
Go to the Sporcle.com Mobile Site →
Comments